000 00837nam a2200265 a 4500
003 OSt
005 20240220102112.0
008
020 _a0273693581 (paperback.)
040 _cNUST
_aNUST
_beng
_dNUST
_erda
049 _aMAIN
050 _aHF5415 BLY
090 _aHF5415
_bBLY
100 1 _aBlythe, Jim.
_eAuthor
_qJim Blythe
245 1 0 _aEssentials of marketing /
_cby Jim Blythe.
250 _aThird Edition
260 _aHarlow :
_bPrentice Hall,
_c©2004.
300 _axix, 354 pages.
_billustrations. ;
_c26 cm.
336 _2rdacontent
_atext
_btxt
337 _2rdamedia
_aunmediated
_bn
338 _2rdacarrier
_avolume
_bnc
504 _aIncludes bibliographical references and index.
650 1 _aMarketing.
942 _cBOOKS
_kHF
_mBLY
_2lcc
_eThird Edition
_hHF5415
_n0
999 _c138560
_d138560